000
00280nam a2200121Ia 4500
005
20251222144634.0
008
251222s9999||||xx |||||||||||||| ||spa||
020
_a
84-288-1159-8
082
_a
276.8/C76V
245
0
_a
La Vida Fraterna en Comunidad
264
_b
PPC
942
_c
LIB
999
_c
16407
_d
16407